000 00371nam a22001457a 4500
005 20151001111507.0
008 151001b xxu||||| |||| 00| 0 eng d
040 _cPK-LaUMT
082 _aKHC 954.918
_bMOI-S
100 _aMoinuddin
245 _aSind
_bland of lengends
_cMoinuddin
260 _aKarachi
_bNational book foundation
_c1975
300 _a127 p.
942 _cBK
999 _c76872
_d76872